30 poemas / (Record no. 50522)

MARC details
000 -LEADER
campo de control de longitud fija 00640nam a2200205 i 4500
001 - NÚMERO DE CONTROL
campo de control 50522
003 - IDENTIFICADOR DE NÚMERO DE CONTROL
campo de control ES-MaACL
005 - FECHA Y HORA DE LA ÚLTIMA TRANSACCIÓN
campo de control 20240611140539.0
007 - CAMPO FIJO DE DESCRIPCIÓN FÍSICA--INFORMACIÓN GENERAL
campo de control de longitud fija t|
008 - DATOS DE LONGITUD FIJA--INFORMACIÓN GENERAL
campo de control de longitud fija 030805s1964 sp ||||1| spa d
100 1# - ENTRADA PRINCIPAL--NOMBRE DE PERSONA
Nombre de persona Cummings, Edward Estlin.
9 (RLIN) 42159
245 10 - MENCIÓN DEL TÍTULO
Título 30 poemas /
Mención de responsabilidad, etc. Edward Estlin Cummings ; [traductor] Alfonso Canales y uno más traducido por Rafael León.
260 ## - PUBLICACIÓN, DISTRIBUCIÓN, ETC.
Lugar de publicación, distribución, etc. Málaga :
Nombre del editor, distribuidor, etc. Angel Caffarena,
Fecha de publicación, distribución, etc. 1964.
300 ## - DESCRIPCIÓN FÍSICA
Extensión 60 p. ;
Dimensiones 18 cm.
700 0# - ENTRADA AGREGADA--NOMBRE PERSONAL
Nombre de persona Canales, Alfonso,
Fechas asociadas al nombre 1923-
9 (RLIN) 34387
700 1# - ENTRADA AGREGADA--NOMBRE PERSONAL
Nombre de persona León, Rafael.
9 (RLIN) 71594
740 0# - ENTRADA AGREGADA--TÍTULO RELACIONADO/ANALÍTICO NO CONTROLADO
Título relacionado o analítico no controlado Treinta poemas.
852 ## - LOCALIZACIÓN
Ubicación ES-MaACL
Número de control de estantería C-30584
Sublocalización o colección R.57644
Holdings
Estatus retirado Estado de pérdida Estado de daño No para préstamo Biblioteca de origen Biblioteca actual Ubicación en estantería Fecha de adquisición Fuente de adquisición Total de préstamos Signatura topográfica completa Código de barras Visto por última vez Precio de reemplazo Tipo de ítem Koha
        Biblioteca del Ateneo de Madrid Biblioteca del Ateneo de Madrid Depósito 2 17/01/2008     C-30584 1053144 23/02/2023 23/02/2023 Libro impreso